000 00304nam a22001337a 4500
008 170831b xxu||||| |||| 00| 0 eng d
020 _a9790205467012
041 _aeng
080 _27TH
_a070
100 _a40
101 _aMED
245 _aTHE MEDIA OF MASS COMMUNICATION
_cVIVIAN,J
942 _2udc
_cBK
999 _c25744
_d25744